000 00712nam a2200265Ia 4500
003 OSt
005 20220928123916.0
006 a|||||r|||| 00| 0
007 ta
008 220927b |||||||| |||| 00| 0 eng d
024 _a68680
037 _cTextual
040 _aSDCL
_cSDCL
_beng
041 _2eng
_aeng
082 _aG:68:f3, P6
100 _aMuller Hans-Joachim
_9462135
245 0 _aMicroarrays.
260 _aAmsterdam
_bElsevier
_c2006
300 _axv,212p
_ccm.
490 _aExperimenter series.
650 _aMicroarrays
_9462136
700 _a Roder Thomas
_9462137
942 _hG:68:f3, P6
_cTEXL
_2CC
999 _c775141
_d775141